00444 2200181 4500001002100000005001500021035002000036245004000056100001400096250001700110300002500127260004200152082000800194084001400202020001800216650001200234990001600246INLIS00000000000001820240318063950 a0010-03240000181 aPenderitaan Saat Sakau /cIis Wiate0 aIis Wiate acetakan ke-1 aii, 116 hlm ;c25 cm aJakarta :bSinar Wadja Lestari,c2006 a813 a813 IIS p a979-1213-04-6 4aNarkoba a00000000018